| 000 | 00385nam a2200133Ia 4500 | ||
|---|---|---|---|
| 008 | 220216s9999 xx 000 0 und d | ||
| 100 | _aSan T K | ||
| 245 | 0 | _aNovel method of rubber propagation | |
| 260 | _bProceedings of the RRIM Planters Conference, Kuala Lumpur, 1972; p59-72 | ||
| 650 | _aGrafting | ||
| 650 | _aHevea brasiliensis | ||
| 650 | _aRubber propagation | ||
| 942 | _cJS | ||
| 999 |
_c64103 _d64103 |
||